00671nam a2200133Ia 4500008004100000020001800041100009900059245019800158260002700356650001300383856004900396999001900445952007300464171212s9999 xx 000 0 und d a9780833092861 aMaglione, Margaret A.;Kadiyala, Srikanth;Kress, Amii M.;Hastings, Jaime L.;O'Hanlon, Claire E. cMaglione, Margaret A.;Kadiyala, Srikanth;Kress, Amii M.;Hastings, Jaime L.;O'Hanlon, Claire E.aTRICARE Applied Behavior Analysis (ABA) BenefitbComparison with Medicaid and Commercial Benefits bRAND Corporationc2016 aBusiness uhttp://jstor.org/stable/10.7249/j.ctt1b67wmj c352758d352758 001040aCLbCLd2017-12-12l0r2017-12-12 00:00:00w2017-12-12yCBE